Top 12 Portland Trail Blazers Players - Statistics

General Stats
  • This quiz has been taken 299 times
    290 since last reset
  • The average score is 5 of 12
Answer Stats
Rank Player Win Share % Correct
2 Damian Lillard 103.1
99%
1 Clyde Drexler 108.7
92%
4 LaMarcus Aldridge 69.4
74%
3 Terry Porter 79.3
51%
5 Rasheed Wallace 61.3
40%
9 Arvydas Sabonis 47.3
37%
7 Buck Williams 50.4
32%
10 Clifford Robinson 46.8
30%
6 Jerome Kersey 59.0
30%
12 Damon Stoudamire 37.7
24%
8 Jim Paxson 50.0
15%
11 Mychal Thompson 39.9
11%
No matching quizzes found
Score Distribution
Percent of People with Each Score
Percentile by Number Answered
Your Score History
You have not taken this quiz since the last reset